| 000 | 00400nam a2200157Ia 4500 | ||
|---|---|---|---|
| 008 | 210719s1980 xx 000 0 und d | ||
| 041 | _aeng | ||
| 082 | _a297.122K BUCK | ||
| 100 | _aBUCCAILE (Maurice) | ||
| 245 | _aKoran mattu adhunika vijnana. | ||
| 260 |
_aMangaluru. _bUnity Education Trust., _c1980 |
||
| 300 |
_aii,32 _bPB |
||
| 365 |
_b2 _cRs |
||
| 650 | _aIslam | ||
| 906 | _aKoran Religion | ||
| 999 |
_c212541 _d212541 |
||